|
|
|
|
| LEADER |
01762njm a2200445 i 4500 |
| 001 |
001503868 |
| 003 |
CZ BrMZK |
| 005 |
20160125090754.0 |
| 007 |
sd fungnnmmned |
| 008 |
160107p20152013xr zznng d n cze |
| 015 |
|
|
|a cnb002752939
|
| 024 |
1 |
|
|a 825646131587
|
| 028 |
0 |
1 |
|a 0825646131587
|b Warner Music Czech Republic, a Warner Music Group Company
|
| 040 |
|
|
|a BOA001
|b cze
|e rda
|
| 041 |
0 |
|
|d cze
|d slo
|
| 072 |
|
7 |
|a 784
|x Vokální hudba
|2 Konspekt
|9 9
|
| 080 |
|
|
|a 784.4
|2 MRF
|
| 080 |
|
|
|a (086.76)
|2 MRF
|
| 100 |
1 |
|
|a Horký, Roman,
|d 1964-
|7 js20020218012
|4 cmp
|4 itr
|4 lyr
|4 sng
|
| 245 |
1 |
0 |
|a Babí léto /
|c Roman Horký, Kamelot
|
| 264 |
|
1 |
|a [Praha] :
|b Warner Music Czech Republic, a Warner Music Group Company,
|c [2015]
|
| 264 |
|
4 |
|c ℗2015
|
| 300 |
|
|
|a 1 CD audio ;
|c 12 cm
|
| 336 |
|
|
|a hraná hudba
|b prm
|2 rdacontent
|
| 337 |
|
|
|a audio
|b s
|2 rdamedia
|
| 338 |
|
|
|a audiodisk
|b sd
|2 rdacarrier
|
| 344 |
|
|
|a digital
|b optical
|2 rda
|
| 347 |
|
|
|a audio soubor
|b CD audio
|2 rda
|
| 500 |
|
|
|a Název z disku
|
| 500 |
|
|
|a Hudba, texty (v pouzdře) Roman Horký
|
| 505 |
0 |
0 |
|g Babí léto --
|t Vyznání --
|t Ester --
|t Rajské údolí --
|t Lodenica --
|t Jan Eskymo Welzl --
|t Nad černými poli --
|t Vzduchoplavec --
|t Kavčice --
|t Segen Gottes --
|t Chceš to vzdát --
|t Anděl
|
| 511 |
1 |
|
|a Kamelot, Roman Horký a hosté
|
| 518 |
|
|
|a Nahráno ve studiu "V" Zlín v lednu 2015 (písně 11 a 12 v lednu 2013)
|
| 650 |
0 |
7 |
|a folk
|7 ph119202
|2 czenas
|
| 655 |
|
7 |
|a kompaktní desky
|7 fd201991
|2 czenas
|
| 710 |
2 |
|
|a Kamelot (hudební skupina : Česko)
|7 ko2002149286
|4 prf
|
| 910 |
|
|
|a BOA001
|b CDR-1360.047
|
| 990 |
|
|
|a AV
|
| 991 |
|
|
|b 201601
|
| 996 |
6 |
|
|b 2610655807
|c CDR-1360.047
|l MZK
|r Sklad / do 24 hodin
|n 1
|p p.v.
|w 001539091
|u 000010
|a 1
|e BOA001
|j MZK50
|s P
|